Der 'Jardín ameno' : ein rekonstruktionsversuch / Kurt und Roswitha Reichenberger ein rekonstruktionsversuch / Kurt und Roswitha Reichenberger
Descripción Física:
P. 101-158 : il. ; 27 cm
Otros Autores:
Reichenberger, Roswitha
MARC
| LEADER | 00000nam a2200000Ia 4500 | ||
|---|---|---|---|
| 001 | 23029 | ||
| 008 | 160829s1989 xx 000 0 cat d | ||
| 080 | |a B-2-236 | ||
| 100 | |a Reichenberger, Kurt |9 39913 | ||
| 245 | |a Der 'Jardín ameno' : |b ein rekonstruktionsversuch / Kurt und Roswitha Reichenberger | ||
| 260 | |a Barcelona : |b Biblioteca de Catalunya, |c 1989 | ||
| 300 | |a P. 101-158 : |b il. ; |c 27 cm | ||
| 590 | |a Separata de: Butlletí de la Biblioteca de Catalunya, vol. X (1982-1984), 1986. | ||
| 590 | |a Text en alemany i en castellà | ||
| 650 | |a Jardín ameno |9 39914 | ||
| 650 | |a Teatre castellà |x 1500-1700, Segle d'Or |x Bibliografia |9 39915 | ||
| 700 | |a Reichenberger, Roswitha |9 39916 | ||
| 710 | 1 | |a Biblioteca de Catalunya |9 52741 | |
| 901 | |a Arxiu | ||
| 942 | |n 1 | ||
| 952 | |0 0 |1 0 |4 0 |6 B2236 |7 1 |9 49303 |a Arxiu |b Arxiu |d 2016-12-01 |l 0 |o B-2-236 |p 23029 |r 2016-12-01 00:00:00 |w 2016-12-01 |y ARXIU | ||
| 999 | |c 53145 |d 53145 | ||